An introduction to geographical information systems (Record no. 102460)
[ view plain ]
| 000 -LEADER | |
|---|---|
| fixed length control field | 01080cam a2200253 4500 |
| 008 - FIXED-LENGTH DATA ELEMENTS--GENERAL INFORMATION | |
| fixed length control field | #DATE n2002 000 0 eng u |
| 020 ## - INTERNATIONAL STANDARD BOOK NUMBER | |
| International Standard Book Number | 0130611980 |
| 035 ## - SYSTEM CONTROL NUMBER | |
| System control number | (Sirsi) u120025 |
| 041 ## - LANGUAGE CODE | |
| Language code of text/sound track or separate title | eng |
| 050 ## - LIBRARY OF CONGRESS CALL NUMBER | |
| Classification number | 333.70285 |
| -- | 18 |
| 100 ## - MAIN ENTRY--PERSONAL NAME | |
| Personal name | Heywood, I. |
| 245 #3 - TITLE STATEMENT | |
| Title | An introduction to geographical information systems |
| 250 ## - EDITION STATEMENT | |
| Edition statement | 2nd ed. |
| 260 ## - PUBLICATION, DISTRIBUTION, ETC. | |
| Place of publication, distribution, etc. | Harlow |
| Name of publisher, distributor, etc. | Pearson |
| Date of publication, distribution, etc. | 2002 |
| 300 ## - PHYSICAL DESCRIPTION | |
| Extent | xv, 295p. |
| Other physical details | ill. |
| Dimensions | 25cm. |
| 350 ## - PRICE (NR) (BK AM CF MU VM SE) [OBSOLETE] | |
| Price | 22.99 |
| 520 ## - SUMMARY, ETC. | |
| Summary, etc. | Introduces the world of Geographical Information Systems (GIS), focusing on the practical applications of GIS. Among the themes addressed are spatial data and spatial data modelling, attribute data management, analytical modelling in GIS, and data analysis. Also addresses a number of key issues in GIS, including the development of computer methods for handling spatial data. An accompanying online resource for this text is available at: www.booksites.net |
| 650 ## - SUBJECT ADDED ENTRY--TOPICAL TERM | |
| Topical term or geographic name entry element | GIS |
| 650 ## - SUBJECT ADDED ENTRY--TOPICAL TERM | |
| Topical term or geographic name entry element | SPATIAL DATA |
| 690 ## - LOCAL SUBJECT ADDED ENTRY--TOPICAL TERM (OCLC, RLIN) | |
| Topical term or geographic name as entry element | MAPPING AND MEASUREMENT-GIS |
| 700 ## - ADDED ENTRY--PERSONAL NAME | |
| Personal name | Cornelius, S. |
| 700 ## - ADDED ENTRY--PERSONAL NAME | |
| Personal name | Carver, S. |
| 942 ## - ADDED ENTRY ELEMENTS (KOHA) | |
| Suppress in OPAC | 0 |
| Withdrawn status | Lost status | Source of classification or shelving scheme | Damaged status | Not for loan | Home library | Current library | Shelving location | Date acquired | Cost, normal purchase price | Total Checkouts | Full call number | Barcode | Date last seen | Date last checked out | Copy number | Cost, replacement price | Price effective from | Koha item type |
|---|---|---|---|---|---|---|---|---|---|---|---|---|---|---|---|---|---|---|
| Dewey Decimal Classification | London | London | Books | 20/11/2002 | 19.54 | 5 | 333.70285 HEY | 30068226 | 06/08/2019 | 14/12/2007 | 1 | 19.54 | 06/08/2019 | Book |